Report of the National commission on agriculture1976: (Record no. 160778)

MARC details
000 -LEADER
fixed length control field 00349nam a22001217a 4500
003 - CONTROL NUMBER IDENTIFIER
control field OSt
082 ## - DEWEY DECIMAL CLASSIFICATION NUMBER
Classification number 630
Item number GOI/RE
245 ## - TITLE STATEMENT
Title Report of the National commission on agriculture1976:
Remainder of title part xi research, education and extension
260 ## - PUBLICATION, DISTRIBUTION, ETC. (IMPRINT)
Place of publication, distribution, etc New Delhi
Name of publisher, distributor, etc Controller of publications
Date of publication, distribution, etc 1976
300 ## - PHYSICAL DESCRIPTION
Extent viii,270p.
546 ## - LANGUAGE
Language note English
942 ## - ADDED ENTRY ELEMENTS (KOHA)
Source of classification or shelving scheme Dewey Decimal Classification
Koha item type Books (General)
Holdings
Lost status Source of classification or shelving scheme Damaged status Not for loan Collection code Home library Current library Shelving location Date acquired Total Checkouts Full call number Barcode Date last seen Koha item type
  Dewey Decimal Classification     General KAU Central Library, Thrissur KAU Central Library, Thrissur General 05/06/2018   630 GOI/RE 809478 05/06/2018 Books (General)
Kerala Agricultural University Central Library
Thrissur-(Dt.), Kerala Pin:- 680656, India
Ph : (+91)(487) 2372219
E-mail: librarian@kau.in
Website: http://library.kau.in/